Brazil all time starting xi - Statistics

General Stats
  • This quiz has been taken 314 times
    123 since last reset
  • The average score is 9 of 11
Answer Stats
Hint Answer % Correct
FW (2010- Neymar
99%
MF (1957-1971 Pelé
97%
DF (1992-2006 Roberto Carlos
97%
FW (1994-2011 Ronaldo
96%
MF (1999-2013 Ronaldinho
92%
DF (1990-2006 Cafu
89%
DF (2008-2022 Thiago Silva
89%
FW (1955-1966 Garrincha
78%
MF (2002-2017 Kaká
73%
DF (2000-2011 Lúcio
65%
GK (1988-1998 Cláudio Taffarel
49%
No matching quizzes found
Score Distribution
Percent of People with Each Score
Percentile by Number Answered
Your Score History
You have not taken this quiz since the last reset